El Ingenioso Hidalgo Don Quixote de la Mancha (Record no. 2178)
[ view plain ]
| 000 -CABECERA | |
|---|---|
| campo de control de longitud fija | 01983nam a2200361 a 4500 |
| 001 - NÚMERO DE CONTROL | |
| campo de control | BRCA_2437 |
| 005 - FECHA Y HORA DE LA ÚLTIMA TRANSACCIÓN | |
| campo de control | 20190320203817.0 |
| 008 - DATOS DE LONGITUD FIJA--INFORMACIÓN GENERAL | |
| campo de control de longitud fija | 141108s1797----mx-a---###---#000-0dspa-# |
| 041 ## - CÓDIGO DE LENGUA | |
| Código de lengua del texto/banda sonora o título independiente | spa |
| 044 ## - CÓDIGO DEL PAÍS DE LA ENTIDAD EDITORA/PRODUCTORA | |
| Código MARC del país | sp |
| 084 ## - OTRO NÚMERO DE CLASIFICACIÓN | |
| Número de clasificación | 077 |
| Número de documento/Ítem | .S264 |
| -- | 1797 |
| 100 1# - ENTRADA PRINCIPAL--NOMBRE DE PERSONA | |
| Nombre de persona | Cervantes Saavedra, Miguel de |
| Fechas asociadas al nombre | 1547-1616 |
| 9 (RLIN) | 213 |
| 245 10 - MENCIÓN DE TÍTULO | |
| Título | El Ingenioso Hidalgo Don Quixote de la Mancha |
| Mención de responsabilidad, etc. | compuesto por Miguel de Cervantes Saavedra. |
| 260 ## - PUBLICACIÓN, DISTRIBUCIÓN, ETC. | |
| Lugar de publicación, distribución, etc. | Madrid |
| Nombre del editor, distribuidor, etc. | Gabriel Sancha |
| Fecha de publicación, distribución, etc. | 1797 |
| 300 ## - DESCRIPCIÓN FÍSICA | |
| Extensión | 5 v. |
| Otras características físicas | il. |
| Dimensiones | 20 cm. |
| Material acompañante/anejo | 1 mapa |
| 500 ## - NOTA GENERAL | |
| Nota general | Contenido : v 1. Primera parte. Notas al título de la obra. Discurso preliminar. Vida de Cervantes y algunos documentos sobre la vida de Cervantes por Pellicer. Dedicatoria y prólogo del autor. Versos preliminares. -- v 2. Texto. -- v 3. Texto. -- v 4. Segunda parte. Dedicatoria y prólogo de Cervantes. Texto. -- v 5. Mapa de los viajes de D. Quijote. Texto |
| 500 ## - NOTA GENERAL | |
| Nota general | Edición : Nueva edición corregida denuevo, con nuevas notas, con nuevas estampas, con nuevo análisis, y con la vida del autor nuevamente aumentada por J. Antonio Pellicer |
| 500 ## - NOTA GENERAL | |
| Nota general | Edición enteramente igual al LO-076. Ejemplar bien conservado; piel, planos orlados, lomeras adornadas con florones y filetes dorados Lúdovik Osterc |
| 500 ## - NOTA GENERAL | |
| Nota general | Con ex-libris de: E.R. Langworthy |
| 500 ## - NOTA GENERAL | |
| Nota general | Incluye índice : De las cosas notables |
| 500 ## - NOTA GENERAL | |
| Nota general | QM58A |
| 650 14 - PUNTO DE ACCESO ADICIONAL DE MATERIA--TÉRMINO DE MATERIA | |
| Término de materia o nombre geográfico como elemento de entrada | Novela española |
| Subdivisión cronológica | Época clásica, 1500-1700 |
| 9 (RLIN) | 215 |
| 650 14 - PUNTO DE ACCESO ADICIONAL DE MATERIA--TÉRMINO DE MATERIA | |
| Término de materia o nombre geográfico como elemento de entrada | Literatura española |
| Subdivisión cronológica | Época clásica, 1500-1700 |
| 9 (RLIN) | 216 |
| 650 14 - PUNTO DE ACCESO ADICIONAL DE MATERIA--TÉRMINO DE MATERIA | |
| Término de materia o nombre geográfico como elemento de entrada | Novela española |
| Subdivisión cronológica | Siglo XVII |
| 9 (RLIN) | 217 |
| 650 14 - PUNTO DE ACCESO ADICIONAL DE MATERIA--TÉRMINO DE MATERIA | |
| Término de materia o nombre geográfico como elemento de entrada | Don Quijote (Personaje ficticio) |
| Término indicativo de función/relación | Novela |
| 9 (RLIN) | 218 |
| 700 1# - PUNTO DE ACCESO ADICIONAL--NOMBRE DE PERSONA | |
| Nombre de persona | Pellicer y Pilares, Juan Antonio |
| Fechas asociadas al nombre | 1738-1806 |
| Término indicativo de función/relación | Biógrafo |
| 9 (RLIN) | 7124 |
| 700 1# - PUNTO DE ACCESO ADICIONAL--NOMBRE DE PERSONA | |
| Nombre de persona | Jimeno, José Antonio |
| Fechas asociadas al nombre | 1757-1807 |
| Término indicativo de función/relación | Ilustrador |
| 9 (RLIN) | 7125 |
| 700 1# - PUNTO DE ACCESO ADICIONAL--NOMBRE DE PERSONA | |
| Nombre de persona | Camarón Boronat, José |
| Fechas asociadas al nombre | 1730-1803 |
| Término indicativo de función/relación | Ilustrador |
| 9 (RLIN) | 7126 |
| 700 1# - PUNTO DE ACCESO ADICIONAL--NOMBRE DE PERSONA | |
| Nombre de persona | Paret y Alcázar, Luis |
| Fechas asociadas al nombre | 1746-1799 |
| Término indicativo de función/relación | Ilustrador |
| 9 (RLIN) | 7127 |
| 740 0# - PUNTO DE ACCESO ADICIONAL--TÍTULO RELACIONADO O ANALÍTICO NO CONTROLADO | |
| Título relacionado o analítico no controlado | El Ingenioso Hidalgo Don Quijote de la Mancha |
| 902 ## - CATALOGADOR | |
| Iniciales | QFM |
| 942 ## - ELEMENTOS DE PUNTO DE ACCESO ADICIONAL (KOHA) | |
| Fuente del sistema de clasificación o colocación | Library of Congress Classification |
| Tipo de ítem Koha | Libros |
| Estado de retiro | Estado de pérdida | Estado dañado | No para préstamo | Localización permanente | Ubicación/localización actual | Fecha de adquisición | Número de inventario | Total de préstamos | Signatura topográfica completa | Código de barras | Fecha visto por última vez | Precio válido a partir de | Tipo de ítem Koha |
|---|---|---|---|---|---|---|---|---|---|---|---|---|---|
| El ejemplar forma parte de la colección y puede ser consultado según las políticas vigentes. | Biblioteca del Museo Franz Mayer (Rogerio Casas-Alatriste) | Biblioteca del Museo Franz Mayer (Rogerio Casas-Alatriste) | 14/11/2008 | QM58A | 077 .S264 1797 (QM58A) | 2434 | 22/03/2019 | 22/03/2019 | Libros |